[Event "Elitserien Allsvenskan 2019-20"]
[Site "Lund"]
[Date "2020.02.02"]
[Round "4.11"]
[White "Lindberg, Bengt"]
[Black "Hector, Jonny"]
[Result "1/2-1/2"]
[WhiteElo "2401"]
[BlackElo "2481"]
[Annotator "TA"]
[PlyCount "140"]
[EventDate "2019.10.18"]
[EventType "team-tourn"]
[EventCountry "SWE"]
[SourceTitle "playchess.com"]
[Source "ChessBase"]
[SourceQuality "1"]

{[%evp 18,140,16,18,19,9,11,11,2,0,0,0,0,0,0,-14,18,0,8,0,0,-18,0,0,33,0,0,0,0,0,0,0,0,0,0,0,0,0,0,0,0,-18,-18,-27,-19,-24,-18,-24,-20,-21,-22,-24,-22,-35,-31,-35,-41,-68,-39,-118,-37,-43,-5,-18,-18,-18,-21,-37,-37,-114,-124,-116,-51,-51,-51,-62,-71,-83,-83,-91,-59,-79,-70,-59,0,0,0,0,0,0,0,0,0,0,0,0,0,0,0,0,0,0,0,0,0,0,0,0,0,0,0,0,0,0,0,0,0,0,0,0,0,0,0,0,0]} 1. e4 e5 2. Nf3 Nc6 3. Bb5 a6 4. Ba4 Nf6 5. O-O Be7 6. Re1 b5 7. Bb3 Bb7 8. d3 O-O 9. Nc3 d6 10. a3 Qd7 {C84: Closed Ruy Lopez: Unusual White 6th moves} 11. Nd5 {[%mdl 4] 11.Ne2 gains popularity.} Nxd5 12. Bxd5 Nd8 {[%cal Bc6d8,Bd8b7,Bb7c5,Bc5d7,Bd7e5,Be5c4][%mdl 32]} 13. Bxb7 Nxb7 14. d4 exd4 {[#]} 15. Nxd4 $146 ({Predecessor:} 15. Qxd4 Nc5 16. Qd5 c6 17. Qd4 Rfe8 18. Bd2 Qg4 19. e5 Qxd4 20. Nxd4 dxe5 21. Nxc6 {½-½ (27) Zozulia,A (2346)-Ovsejevitsch,S (2582) Esbjerg 2008}) 15... Rfe8 16. Nf5 {[#] aiming for Qg4!} Bf8 17. Qg4 Qe6 18. Bd2 Nc5 19. b4 Nd7 20. Bc3 {[%cal Rc3g7]} Ne5 (20... g6 {seems wilder.} 21. Qg5 f6 22. Nh6+ Bxh6 23. Qxh6 Qc4) 21. Qh3 f6 22. Qg3 Kh8 23. f4 Nc4 24. Nd4 Qf7 25. f5 d5 $1 26. Ne6 dxe4 $1 27. Qxc7 Qh5 28. Nxf8 Rxf8 29. Rxe4 Qxf5 30. Re7 Qg5 ({Much weaker is} 30... Qxc2 $6 31. Rxg7 Rac8 32. Qe7 $14) 31. h4 Qg4 32. Qd7 Qg3 33. Be1 Qg6 34. Qd3 $1 Rfe8 35. Rxe8+ Qxe8 36. Bf2 Rd8 37. Qg3 Qe4 38. Qc3 (38. Qc7 $15 Rg8 39. c3) 38... Rd2 ({Better is} 38... h5 $17 39. Re1 Qg4) 39. Re1 $1 $15 {[%cal Re1e4]} Qa8 40. a4 h6 $40 {[%mdl 128] Black mounts an attack.} 41. axb5 axb5 42. Qg3 Ne5 43. Be3 ({White should try} 43. Qc3 $1 $15 Qd5 44. Qc8+ Qg8 45. Qxg8+ Kxg8 46. c3) 43... Rxc2 $17 44. Bd4 Qd5 (44... Rc4 $17 45. Bxe5 fxe5 46. Rxe5 Rxb4) 45. Bxe5 $15 fxe5 46. Rxe5 {[#]} Rxg2+ $1 {[%mdl 512]} 47. Qxg2 Qxe5 {[%mdl 4096] Endgame KQ-KQ} 48. Qg4 h5 {( -> ...Qe3+)} 49. Qg6 Qd4+ 50. Kg2 Qxh4 (50... Qd2+ $15 51. Kf3 Qd5+ 52. Kg3 Qe5+ 53. Kh3 Kg8) 51. Qe8+ $11 {The position is equal.} Kh7 {White must now prevent ...Qg5+.} 52. Qxb5 Qe4+ 53. Kh2 Kg6 (53... g6 {feels hotter.} 54. Qc5 Qh4+ 55. Kg2 Qe4+ 56. Kh2) 54. Qb8 Qe2+ 55. Kh1 Qd1+ 56. Kh2 Qd2+ 57. Kh1 Qd5+ 58. Kg1 Qd4+ 59. Kh1 Kf5 {Hoping for ...Qd5+.} 60. b5 Qd1+ 61. Kg2 Qc2+ 62. Kf1 Qc4+ 63. Kg1 Qc5+ 64. Kf1 Qe5 65. Qc8+ Qe6 66. Qc2+ Kf6 {...Qh3+ is the strong threat.} 67. Qf2+ Ke7 {Threatens to win with ...Qf6.} 68. Qc5+ Kd7 69. Qxh5 Qc4+ 70. Kg1 Qc1+ {Accuracy: White = 91%, Black = 83%.} 1/2-1/2

[Event "Elitserien Allsvenskan 2019-20"]
[Site "Lund"]
[Date "2020.02.02"]
[Round "4.12"]
[White "Jepson, Christian"]
[Black "Alle Wahlin, Ambjorn"]
[Result "1-0"]
[WhiteElo "2384"]
[BlackElo "2257"]
[Annotator "TA"]
[PlyCount "169"]
[EventDate "2019.10.18"]
[EventType "team-tourn"]
[EventCountry "SWE"]
[SourceTitle "playchess.com"]
[Source "ChessBase"]
[SourceQuality "1"]

{[%evp 23,169,0,0,0,0,0,0,0,0,0,37,0,0,1,27,-8,0,-13,-7,0,0,0,0,0,0,0,0,0,0,0,0,0,0,0,0,0,35,33,79,30,62,24,16,18,29,7,17,13,91,32,32,32,41,35,39,43,32,32,33,33,64,64,64,33,33,33,33,33,57,0,5,0,0,0,0,0,43,0,0,0,43,43,43,43,43,0,43,43,43,43,43,43,43,43,43,50,57,0,0,0,58,43,43,46,60,57,97,97,97,97,99,97,97,97,127,122,320,313,310,318,240,133,12837,12837,12838,12835,12846,12836,12837,12837,12838,1289,1030,1072,722,203,784,822,1086,959,12841,12841,12842,12842,12843,12843,12846,12846]} 1. Nf3 d5 2. g3 Nf6 3. Bg2 e6 4. O-O Be7 5. c4 O-O 6. b3 c5 7. Bb2 Nc6 8. e3 b6 9. Qe2 Bb7 10. d3 dxc4 11. bxc4 Qc7 12. Nc3 Rfd8 13. Rfd1 {A14: English Opening: 1...e6 with b3 by White} a6 14. Ne1 Na7 15. a4 {The position is equal.} Bxg2 16. Nxg2 {[#]} Ne8 $146 ({Predecessor:} 16... Rab8 17. d4 cxd4 18. exd4 Rbc8 19. Ne3 Nc6 20. d5 Na5 21. dxe6 Rxd1+ 22. Ncxd1 fxe6 {½-½ (38) Ribicic,M (2256)-Tica,S (2188) Mali Losinj 2016}) 17. f4 Nd6 18. Qg4 Bf8 19. Qf3 Qc6 20. Kf2 Qe8 21. Ne1 b5 (21... Nc6 {seems wilder.} 22. Qe2 g6 23. Kg1 Bg7 24. Nf3 Rab8) 22. axb5 axb5 23. cxb5 Naxb5 24. Nxb5 Nxb5 25. Rxa8 Rxa8 26. Ra1 $36 {[%mdl 2048] White has good play.} Rc8 27. Qe2 c4 28. dxc4 Nd6 29. Rc1 Qc6 {White should prevent ...Qh1.} 30. Nf3 Qa6 {[%cal Rc8c4]} 31. Be5 Ne4+ 32. Kf1 Bb4 33. Bd4 f6 34. c5 Qc6 35. Kg1 Qd5 (35... Rd8 $11 {remains equal.}) 36. Qc4 (36. Qa6 $1 $16 {[%cal Ra6c8]} Qc6 37. Qc4) 36... Bxc5 $14 37. Qxd5 exd5 38. Ne1 {Black must now prevent Nd3.} Rc7 $1 39. Nd3 {[%cal Rd4c5]} Bd6 40. Rxc7 Bxc7 {[%mdl 4096] Endgame KBN-KBN} 41. Nb4 Bd6 42. Nxd5 f5 43. Nb6 Kf7 44. Kg2 g6 45. Kf3 h5 46. h3 (46. Na4 $14) 46... Ke6 47. g4 hxg4+ 48. hxg4 Nd2+ 49. Ke2 Ne4 50. Kf3 Nd2+ 51. Ke2 Ne4 52. g5 Bc7 53. Na4 Kd5 54. Kd3 Ba5 55. Bb6 Bb4 56. Ba7 Ba5 57. Bd4 Nf2+ 58. Ke2 Ne4 59. Nb2 Bc7 {Threatening ...Bxf4!} 60. Kd3 (60. Nd3 $14) 60... Nf2+ $11 61. Ke2 (61. Kc3 $11) 61... Ne4 $14 62. Bh8 Bd6 63. Nd3 Kc4 64. Ne1 $1 Kd5 65. Nf3 {Hoping for Nh4.} Ke6 66. Kd3 Nf2+ 67. Kd4 Bb8 68. Kc4 Nh3 69. Bd4 Bd6 $2 {[#]} (69... Nf2 $16 {might work better.} 70. Nh4 Kf7) 70. Nh4 $1 $18 Kf7 71. Kd5 Bc7 72. Nf3 {Strongly threatening Kc6.} Kg8 $2 {[%mdl 8192]} (72... Bb8 $16 73. Bc5 Nf2) 73. Ke6 Kh7 74. Kf7 Bd6 75. Kf6 Bc7 76. Ke7 Nf2 77. Nh4 (77. Ne5 $142 Ne4 78. Nd7) 77... Ne4 78. Kd7 Ba5 79. Ke6 $2 (79. Nf3 Bb4 80. Ne5) 79... Be1 $2 {[#]} (79... Bd8 80. Nf3 Ba5) 80. Nf3 $1 {White is clearly winning.} Bb4 81. Ne5 Ba3 82. Nd7 Kg8 83. Nf6+ Nxf6 84. gxf6 Kf8 85. Be5 {Accuracy: White = 81%, Black = 66%.} 1-0

[Event "Elitserien Allsvenskan 2019-20"]
[Site "Lund"]
[Date "2020.02.02"]
[Round "4.13"]
[White "Rydstrom, Tom"]
[Black "Penalver, Osmani"]
[Result "1-0"]
[WhiteElo "2248"]
[BlackElo "2250"]
[Annotator "TA"]
[PlyCount "89"]
[EventDate "2019.10.18"]
[EventType "team-tourn"]
[EventCountry "SWE"]
[SourceTitle "playchess.com"]
[Source "ChessBase"]
[SourceQuality "1"]

{[%evp 9,89,11,16,1,0,12,44,8,10,7,11,3,4,0,36,41,47,13,22,1,1,0,27,24,28,18,28,8,11,13,15,8,20,0,14,12,15,15,56,64,60,14,14,0,43,0,21,0,0,0,0,0,0,0,0,0,153,153,153,151,148,148,401,372,550,541,611,548,543,547,503,421,621,607,591,543,1119,1113,1105,1096,1070,1006]} 1. c4 Nf6 2. Nc3 e5 3. Nf3 Nc6 4. e3 d5 5. cxd5 Nxd5 6. Qc2 {A28: English Opening: Four Knights Variation} Ndb4 7. Qb1 $1 Be7 8. Be2 {White is slightly better.} O-O 9. a3 Nd5 10. b4 {[#]} Nxc3 $146 ({Predecessor:} 10... Be6 11. Bb2 Nxc3 12. Bxc3 a6 13. Bd3 f5 14. e4 Qd7 15. Nxe5 Nxe5 16. Bxe5 Rad8 17. exf5 {1-0 (49) Van Deursen,P (2189)-Wenger,J (1805) IECC email 1999}) 11. dxc3 Bf6 12. O-O Be6 13. e4 Qe7 14. Be3 {With the idea Bc5.} Rfd8 15. Rd1 b6 16. Qc2 Rxd1+ 17. Rxd1 Rd8 18. h3 Rxd1+ 19. Qxd1 Qd7 20. Qc2 Nd8 21. Ng5 h6 22. Nxe6 Nxe6 23. Bg4 Bg5 24. Bxg5 hxg5 25. g3 Kf8 26. Qc1 f6 27. Qf1 Ke7 28. Qa6 Qc6 $1 29. Qxa7 Qxc3 30. Qa8 Nd4 31. Qd5 Qc1+ 32. Kh2 {[#] And now Qg8 would win.} Qc6 $2 (32... Qc2 $11) 33. Qg8 $36 {[%mdl 2048] White is on the roll.} Qe8 34. Qxg7+ Qf7 35. Qh8 Qa2 $2 {[%mdl 8192]} (35... Qf8 $16 36. Qxf8+ Kxf8) 36. Kg2 $18 Nc2 (36... Qf7 $142 37. Qc8 b5) 37. Bh5 {White is clearly winning.} Qe6 38. Qe8+ Kd6 39. Qd8+ Kc6 40. Bg4 Qf7 (40... Qc4 $142 41. Qxf6+ Kb5 42. Qxe5+ Ka4) 41. h4 gxh4 42. gxh4 Nd4 43. h5 f5 44. h6 fxe4 {[#]} 45. Qd7+ $1 {[%mdl 576] Promotion. Accuracy: White = 88%, Black = 62%.} 1-0

[Event "Elitserien Allsvenskan 2019-20"]
[Site "Lund"]
[Date "2020.02.02"]
[Round "4.14"]
[White "Tadjerbashi, Amir"]
[Black "Olofsson-Dolk, Mattis"]
[Result "1/2-1/2"]
[WhiteElo "2199"]
[BlackElo "2218"]
[Annotator "TA"]
[PlyCount "90"]
[EventDate "2019.10.18"]
[EventType "team-tourn"]
[EventCountry "SWE"]
[SourceTitle "playchess.com"]
[Source "ChessBase"]
[SourceQuality "1"]

{[%evp 14,90,12,17,16,18,11,12,8,12,9,0,0,-18,0,-7,-2,-19,-2,-62,-67,-89,-79,-75,-73,-160,-167,-159,-152,-160,-147,-151,-106,-90,0,0,0,0,0,0,0,-55,-17,-65,-7,-80,-78,-91,-8,-8,-4,-8,0,0,0,0,0,-25,-25,-25,-25,-25,-25,-25,-25,-25,-18,-21,-9,-9,-9,-9,-9,-9,-9,-9,0,-9,0]} 1. e4 c5 2. Nf3 d6 3. d4 cxd4 4. Nxd4 Nf6 5. Nc3 a6 6. g3 e5 7. Nb3 Be7 8. Bg2 b5 {B91: Sicilian Najdorf: 6 g3} 9. a4 b4 10. Nd5 Nxd5 11. Qxd5 Ra7 12. Be3 Be6 {[#]} 13. Qa5 $146 (13. Qd3 {feels hotter.} Rb7 14. O-O Qc7 15. Nd2 a5 16. f4) ({Predecessor:} 13. Qd3 Rb7 14. O-O O-O 15. f4 Qc7 16. Rf2 a5 17. Bf1 f6 18. Rc1 Rc8 19. c3 {½-½ (63) Shaposhnikov,E (2568)-Kokarev,D (2606) Khanty-Mansiysk 2019}) 13... Qxa5 14. Nxa5 Rc7 15. Rc1 O-O 16. Bd2 (16. c3 $11) 16... Rfc8 $15 17. Bxb4 Rxc2 18. Rxc2 Rxc2 19. Bc3 {[#]} (19. b3 $142) 19... Bd8 $1 $17 20. Nb7 Bb6 21. O-O Bc4 22. Ra1 Rxf2 {[%csl Gc4][%cal Rf2f1]} 23. Kh1 Bc7 (23... Nc6 $17 24. Nxd6 Be6) 24. Rc1 $1 $11 {[#] Black must now prevent Bxe5!} Be6 25. Bxe5 dxe5 26. Rxc7 Rxb2 {Hoping for ...Rb1+.} 27. h3 (27. Bf1 $11) 27... Bd7 28. Nc5 Be8 (28... Rb1+ $15 29. Kh2 Be8) 29. Re7 (29. Bf1 $11) 29... Kf8 $17 30. Rxe5 Nd7 ({Better is} 30... Rc2 $17) 31. Nxd7+ $11 Bxd7 {[%mdl 4096] Endgame KRB-KRB} 32. Ra5 Ra2 (32... Rb4 {seems wilder.} 33. Rxa6 Bxa4 34. Kg1 g6 35. e5 Bb3) 33. Rxa6 Rxa4 (33... Ra1+ {is more complex.} 34. Kh2 Rxa4 35. Rxa4 Bxa4 36. e5 Bb3) 34. Rxa4 Bxa4 {KB-KB} 35. Kg1 Ke7 36. Kf2 Ke6 37. Ke3 Ke5 38. Bf1 $1 Bc6 39. Bd3 g5 40. h4 {The position is equal.} h6 41. hxg5 hxg5 42. Bc4 f6 43. Bd3 Bb7 44. Bc2 Bc6 45. Bd3 Bb7 {Accuracy: White = 75%, Black = 81%.} 1/2-1/2

[Event "Elitserien Allsvenskan 2019-20"]
[Site "Lund"]
[Date "2020.02.02"]
[Round "4.15"]
[White "Lindahl, Emil"]
[Black "Kabadayi, Can"]
[Result "1-0"]
[WhiteElo "2179"]
[BlackElo "2195"]
[Annotator "TA"]
[PlyCount "149"]
[EventDate "2019.10.18"]
[EventType "team-tourn"]
[EventCountry "SWE"]
[SourceTitle "playchess.com"]
[Source "ChessBase"]
[SourceQuality "1"]

{[%evp 19,149,-6,33,-44,33,28,41,25,29,29,48,0,50,46,58,12,14,14,10,14,105,114,353,349,348,339,344,344,344,342,339,339,335,312,369,337,341,341,719,302,331,331,331,331,354,325,325,328,320,319,326,325,357,350,342,342,324,285,309,309,316,306,325,321,315,306,360,360,360,360,357,356,643,440,595,385,516,512,823,512,708,655,29960,29961,29961,29962,29962,29963,29962,29961,29964,29962,29961,29959,29957,29955,6414,5197,5385,1739,29974,29975,29975,29976,29976,1336,29975,29976,29978,29979,29979,29980,29981,29982,29984,29985,29985,29986,29986,29987,29989,29990,29991,29985,29986,29987,29987,29987,29988,29984,29984,29985]} 1. d4 Nf6 2. c4 g6 3. Nf3 Bg7 4. Nc3 d5 5. cxd5 Nxd5 6. e4 Nxc3 7. bxc3 c5 8. Be3 Qa5 9. Qd2 O-O 10. Rb1 a6 11. Rb3 {[#] D85: Exchange Grünfeld: Unusual White 7th moves and lines with 7 Nf3} (11. Rc1 $14) 11... Rd8 $146 ({Better is} 11... b5 $15) ({Predecessor:} 11... b5 12. Be2 Rd8 13. e5 Nc6 14. O-O Nxe5 15. Qb2 Ng4 16. Bg5 Qc7 17. h3 Nf6 18. Qa3 Be6 {0-1 (36) Mai,I (2115)-Frey,A (2104) Germany 2012}) 12. d5 $1 $14 e6 13. c4 {White is slightly better.} Qxd2+ 14. Nxd2 Nd7 15. Be2 b5 16. dxe6 fxe6 17. cxb5 axb5 18. Bxb5 Rxa2 19. O-O {aiming for Rd3.} Nf6 (19... Ba6 $11) 20. Bc4 $1 $16 {Threatens to win with Rb8.} Ng4 $2 (20... Ra4 $16 {might work better.}) 21. Rb8 $18 Nxe3 22. Bxa2 Nxf1 {[#]} 23. Bxe6+ $1 {[%mdl 576] Double Attack, Pin} Kf8 (23... Bxe6 24. Rxd8+) 24. Nxf1 Bxe6 25. Rxd8+ {[%mdl 4096] Endgame KRN-KB} Ke7 26. Rd1 Bb3 27. Rb1 Bc2 28. Rc1 ({But not} 28. Rb7+ Kf8) 28... Bxe4 $2 (28... Bd3 29. Rxc5 Bxe4 30. Rc7+ Kf8) 29. Rxc5 (29. Re1 $142) 29... Kd6 30. Ra5 h5 31. Ne3 Bd4 32. Ra4 Ke5 33. Nc4+ Kd5 34. Nd2 Bf5 35. Ra5+ Ke6 36. Nf3 Bf6 37. Ra6+ Ke7 38. Rb6 Be4 39. Nd2 Bd5 40. Nf1 Be4 41. Ne3 Kf7 42. Rb4 Bd3 43. f3 g5 44. Kf2 Be7 45. Rd4 Bb5 $2 {[#]} (45... Bb1 46. Ke2 Bf6) 46. h4 $1 gxh4 47. Rd5 Bc6 48. Rxh5 Kg6 (48... Bd7 $142 49. Rh7+ Kf8) 49. Ra5 {Hoping for Ra6.} Be8 50. Re5 Kf7 51. Rxe7+ Kxe7 {KB-KN} 52. Nf5+ Kf6 53. Nxh4 Kg5 54. g3 Bc6 55. Ng2 Bd7 56. Ne3 Bc8 57. f4+ Kh5 58. Ke2 Ba6+ 59. Kd2 Bc8 60. Kd3 Kg6 61. Kd4 Kf6 62. Kc5 (62. Nd5+ $142 Ke6 63. g4 Bd7 64. f5+ Kd6 65. Nb6 Be8 66. g5 Bf7 67. g6) 62... Bh3 {[#]} 63. Kd6 $1 {[%cal Rd6c5] White mates.} Bc8 {[#]} 64. Nd5+ $1 Kf7 65. Ke5 Bh3 66. f5 Bf1 67. g4 Bc4 68. g5 Bb3 69. Nf4 Bc2 70. g6+ Kg7 71. Ne6+ Kg8 72. Kf6 Bb3 73. Nd4 Bd5 74. Kg5 Bc4 75. f6 {Accuracy: White = 76%, Black = 53%.} 1-0

[Event "Elitserien Allsvenskan 2019-20"]
[Site "Lund"]
[Date "2020.02.02"]
[Round "4.16"]
[White "Eklund, Joel"]
[Black "Gonzalez, Emilio"]
[Result "1-0"]
[WhiteElo "2216"]
[BlackElo "1972"]
[Annotator "TA"]
[PlyCount "53"]
[EventDate "2019.10.18"]
[EventType "team-tourn"]
[EventCountry "SWE"]
[SourceTitle "playchess.com"]
[Source "ChessBase"]
[SourceQuality "1"]

{[%evp 14,107,11,-1,22,0,25,6,16,5,25,1,36,40,44,44,65,63,142,124,144,143,139,142,134,133,133,105,120,118,108,101,107,145,255,264,289,269,446,496,437,404,450,403,420,415,466,417,636,384,501,493,1447,1444,1082,756,731,697,770,726,693,713,1271,1242,1248,1568,1522,1225,2161,1800,1262,1464,29969,2708,29969,29970,29970,29971,29974,29975,29975,29976,29976,29978,29979,29979,29980,29978,29981,29982,29984,29985,29985,29986,29986,29987]} 1. c4 c5 2. g3 Nc6 3. Bg2 g6 4. Nc3 Bg7 5. Nf3 e5 6. a3 a5 7. O-O Nge7 8. Ne1 d6 {A37: Symmetrical English vs ...g6: 4 Bg2 Bg7 5 Nf3} 9. Nc2 Be6 10. Ne3 O-O {The position is equal.} 11. d3 Rb8 12. Rb1 h6 13. Bd2 Kh7 14. Ned5 f5 15. b4 b6 {[#]} (15... axb4 $14 16. axb4 cxb4 17. Nxb4 Nxb4 18. Rxb4 Nc6) 16. Nxe7 $1 $16 Nxe7 {[#]} 17. bxa5 $1 bxa5 {[#]} 18. Rxb8 $146 ({Predecessor:} 18. Qa4 Qd7 19. Qxa5 e4 20. Nb5 Rfc8 21. Bf4 Ra8 22. Qd2 d5 23. cxd5 Nxd5 24. dxe4 Nxf4 25. Qxf4 {1-0 (44) Czarnota,P (2536)-Zwanzger,J (2326) Germany 2012}) 18... Qxb8 19. Qc2 f4 20. Ne4 Nf5 21. Rb1 (21. gxf4 $6 Nd4 $11) 21... Qd8 22. Bc3 ({Much weaker is} 22. gxf4 $6 Nd4 $11) 22... fxg3 23. hxg3 h5 (23... Nd4 $16 24. Qd2 Bg4) 24. Qa4 $18 Nd4 25. Bxa5 Qe7 $2 {[#]} (25... Nxe2+ 26. Kf1 Nxg3+ 27. Nxg3 Qh4) 26. Rb7 $1 {[%mdl 512]} Nxe2+ (26... Qxb7 27. Ng5+) 27. Kh1 {Played: Kg1-f1} 1-0

[Event "Elitserien Allsvenskan 2019-20"]
[Site "Lund"]
[Date "2020.02.01"]
[Round "5.1"]
[White "Christiansen, Johan-Sebastian"]
[Black "Kulaots, Kaido"]
[Result "1/2-1/2"]
[WhiteElo "2600"]
[BlackElo "2510"]
[Annotator "TA"]
[PlyCount "93"]
[EventDate "2019.10.18"]
[EventType "team-tourn"]
[EventCountry "SWE"]
[SourceTitle "playchess.com"]
[Source "ChessBase"]
[SourceQuality "1"]

{[%evp 12,93,20,9,11,5,4,12,18,18,22,23,32,25,33,23,43,29,58,0,8,-20,12,15,29,38,44,0,46,-44,-64,-38,0,-76,-74,-72,-60,-93,-91,-100,-93,-93,-88,-98,-23,-4,0,0,0,-12,0,0,0,0,0,-16,-23,-40,-4,-114,-82,-145,0,0,0,0,0,0,0,0,0,0,0,0,0,0,0,0,0,0,0,0,0,0]} 1. e4 c5 2. c3 d5 3. exd5 Qxd5 4. d4 Nf6 5. Nf3 e6 6. Na3 Nc6 7. Be3 {Threatening Nb5.} cxd4 {B22: Sicilian: 2 c3} 8. Nb5 $1 {[%cal Rb5c7] Hoping for Nc7+.} Qd8 9. Nbxd4 Nd5 10. Nxc6 bxc6 11. Bd2 {[#]} Be7 $146 ({Predecessor:} 11... Qb6 12. Ne5 Qc7 13. Nc4 Be7 14. Bd3 Ba6 15. Qg4 O-O 16. Bh6 Bf6 17. O-O Rfd8 {½-½ (55) Wang,H (2717)-Laznicka,V (2666) Ho Chi Minh City 2016}) 12. c4 Nf6 13. Qc2 c5 14. O-O-O Bb7 15. Bd3 (15. Ne5 $14) 15... Qc7 16. Rde1 O-O-O 17. Ne5 Rhf8 18. Bc3 g6 19. Qa4 Ng4 20. Qc2 (20. Nxg4 $14 Rxd3 21. f3) 20... Nxe5 $15 21. Bxe5 Qa5 (21... Bd6 $5 {[%cal Rd6e5]} 22. Be4 Bxe5 23. Bxb7+ Kd7 $15) 22. Kb1 (22. Be4 $1 $11 {keeps the balance.} Qxa2 23. b3) 22... Bxg2 $17 23. Rhg1 {Threatens to win with Bc3.} Bc6 24. Be4 Rd2 25. Qb3 Bxe4+ 26. Rxe4 {Qb8+ is the strong threat.} Qb6 27. Qa4 f6 ({Not} 27... Rxf2 28. Re3 $16 (28. Rd1 Rd8 $17)) (27... Qb7 $17 28. Re3 Rfd8) 28. Bc3 $132 {[%mdl 2048] White is not holding back} Rxf2 29. Rd1 Rd8 30. Ree1 e5 ({Resist} 30... Rxh2 31. Rxd8+ Bxd8 32. Qe8 $17) 31. Rxd8+ Bxd8 32. Rd1 Bc7 33. Qd7+ Kb7 34. Qxh7 g5 35. Ka1 {[#]} (35. h3 $11) 35... Qd6 $1 {[%mdl 512]} 36. Rb1 {[#]} (36. Rxd6 Rf1+) 36... Qc6 (36... Rf3 $1 $17 {And now ...Qd3 would win.} 37. a3 f5) 37. Ba5 $1 {The position is equal.} Qd6 38. a3 Kb8 39. Qg8+ Kb7 40. Qh7 Kc8 41. Qg8+ Qd8 42. Qe6+ Kb8 43. Bxc7+ Kxc7 44. Qa6 Qb8 45. Qe6 Qd8 46. Qa6 {Strongly threatening Qa5+.} Qb8 {White must now prevent ...Qb6.} 47. Qe6 {Accuracy: White = 75%, Black = 78%.} 1/2-1/2

[Event "Elitserien Allsvenskan 2019-20"]
[Site "Lund"]
[Date "2020.02.01"]
[Round "5.2"]
[White "Hillarp Persson, Tiger"]
[Black "Solodovnichenko, Yuri"]
[Result "1/2-1/2"]
[WhiteElo "2546"]
[BlackElo "2574"]
[Annotator "TA"]
[PlyCount "73"]
[EventDate "2019.10.18"]
[EventType "team-tourn"]
[EventCountry "SWE"]
[SourceTitle "playchess.com"]
[Source "ChessBase"]
[SourceQuality "1"]

{[%evp 12,73,0,0,16,25,16,19,16,14,20,28,16,1,1,1,1,0,11,19,14,14,15,18,18,14,4,14,20,14,20,21,16,18,20,25,23,8,18,5,14,0,14,6,19,6,6,13,19,14,14,12,14,20,25,14,17,18,18,0,0,-9,-9,-9]} 1. Nf3 Nf6 2. g3 d5 3. Bg2 c6 4. c4 dxc4 5. O-O Nbd7 6. Na3 Nb6 7. Qc2 g6 {A11: English Opening: 1...c6} 8. Nxc4 Nxc4 9. Qxc4 Bg7 10. Re1 O-O 11. d4 {[#]} Qd5 $146 ({Predecessor:} 11... Ne4 12. Bf4 Be6 13. Qc2 f5 14. e3 Bd5 15. Ne5 Nf6 16. Nd3 Bxg2 17. Kxg2 Qd5+ {½-½ (50) Nepomniachtchi,I (2768)-Kobalia,M (2619) Satka 2018}) 12. Qxd5 Nxd5 13. Bd2 a5 14. Rec1 Bg4 15. e3 Rfd8 16. Rc5 a4 17. h3 Bf5 18. Ne5 {Threatens to win with e4.} Bxe5 19. dxe5 {Threatening e4.} Nc7 20. Be1 Be6 21. g4 Rd7 22. Rcc1 f5 23. exf6 exf6 24. Kh2 Kf7 25. Kg3 Nb5 26. Bb4 Re8 27. Bf1 g5 28. Bxb5 cxb5 29. Rc5 Bc4 30. b3 axb3 31. axb3 Bxb3 32. Rxb5 Re5 33. Rb6 Re6 {The position is equal.} 34. Rxe6 Bxe6 35. h4 Rc7 {...Rc4 is the strong threat.} 36. Rd1 Rc4 37. Rd4 {Accuracy: White = 100%, Black = 100%.} 1/2-1/2

[Event "Elitserien Allsvenskan 2019-20"]
[Site "Lund"]
[Date "2020.02.01"]
[Round "5.3"]
[White "Rydstrom, Tom"]
[Black "Tikkanen, Hans"]
[Result "1/2-1/2"]
[WhiteElo "2248"]
[BlackElo "2503"]
[Annotator "TA"]
[PlyCount "56"]
[EventDate "2019.10.18"]
[EventType "team-tourn"]
[EventCountry "SWE"]
[SourceTitle "playchess.com"]
[Source "ChessBase"]
[SourceQuality "1"]

{[%evp 21,56,-13,-14,-24,0,-8,-1,-15,0,0,0,4,33,0,8,22,46,42,31,25,30,4,13,0,2,0,0,-30,0,0,37,0,0,0,25,0,0]} 1. c4 c6 2. Nf3 d5 3. e3 Nf6 4. b3 Bg4 5. Bb2 Nbd7 6. Be2 e6 7. O-O Bd6 8. cxd5 exd5 9. Nd4 Bxe2 10. Qxe2 O-O 11. Nc3 Re8 {[#]} 12. d3 $146 {A12: English Opening: 1...c6 with b3 by White} ({Predecessor:} 12. a3 a5 {½-½ (12) Marchio,E (2280)-Mueller,M (2403) Germany 2006}) 12... a5 13. Rfe1 Nc5 14. Na4 Nxa4 15. bxa4 Be5 16. Rab1 Qc7 17. h3 Nd7 18. Rec1 f6 19. Qc2 Ra6 20. Qd1 Rb6 21. Qh5 g6 22. Qg4 f5 23. Qd1 Qd6 24. Qd2 Qb4 25. Qc2 Qe7 26. Qd2 Qb4 27. Qc2 Qe7 28. Qd2 Qb4 {Accuracy: White = 67%, Black = 77%.} 1/2-1/2